La crisis del capitalismo global: la sociedad abierta en peligro
Zapisane w:
| 1. autor: | |
|---|---|
| Format: | Książka |
| Język: | hiszpański |
| Wydane: |
Buenos Aires
Sudamericana
1999
|
| Wydanie: | 1a. ed |
| Hasła przedmiotowe: | |
| Etykiety: |
Dodaj etykietę
Nie ma etykietki, Dołącz pierwszą etykiete!
|
MARC
| LEADER | 00000cam a2200000 a 4500 | ||
|---|---|---|---|
| 001 | UCP3130 | ||
| 003 | CL-VaPUC | ||
| 008 | 990611e19990000AG |||||||||||||||||spa|d | ||
| 020 | |a 9500715325 | ||
| 082 | 0 | 4 | |a 330.122 |b SOR |2 21 |
| 100 | 0 | |a Soros, George |e author |9 430260 | |
| 245 | 1 | 3 | |a La crisis del capitalismo global: la sociedad abierta en peligro |
| 250 | |a 1a. ed | ||
| 300 | |a 277 p | ||
| 942 | |c BK | ||
| 945 | |d 19990611 00:00:00 |a rbrito | ||
| 260 | |a Buenos Aires |b Sudamericana |c 1999 | ||
| 650 | 0 | |a Capitalismo |9 255255 | |
| 650 | 0 | |a Economía |9 255568 | |
| 650 | 0 | |a Mercado financiero |9 334172 | |
| 650 | 7 | |a SISTEMA CAPITALISTA |2 CL-VaPUC |9 430261 | |
| 650 | 0 | |a Depresión |9 334267 | |
| 583 | |a last modification |c 20170814 10:19:50 |k Rodrigo Vera | ||
| 999 | |c 281557 |d 281555 | ||
| 952 | |0 0 |1 0 |4 0 |6 330_122000000000000_SOR_1999 |7 0 |8 A |9 322381 |a BIBENE |b BIBENE |d 2019-11-20 |i 3529045 |o 330.122 SOR 1999 |p 3529045 |r 2025-01-15 |w 2019-11-20 |y BK |k ICO | ||
| 952 | |0 0 |1 0 |3 erb |4 0 |6 330_122000000000000_SOR_1999 |7 0 |8 A |9 322382 |a BIBEDU |b BIBEDU |i 5414660 |o 330.122 SOR 1999 |p 5414660 |r 2019-11-20 |w 2019-11-20 |y BK |z Catalogado en:20170818 |k PSI | ||